|
|
|
|
| LEADER |
00000c a2200000 4500 |
| 001 |
1/2973 |
| 008 |
000516m19962005fr |###|||###|||| ||fre|| |
| 020 |
|
|
|a 2738116051
|q (τ. 1)
|
| 020 |
|
|
|a 2738116256
|q (τ. 2)
|
| 035 |
|
|
|l 10060633
|
| 035 |
|
|
|l 10095564
|
| 035 |
|
|
|l 10095518
|
| 040 |
|
|
|a GR-MY-UA
|b gre
|e aacr
|
| 041 |
0 |
|
|a fre
|
| 082 |
0 |
|
|a 303.6
|2 (22)
|
| 100 |
1 |
|
|a Heritier, Francoise.
|
| 245 |
1 |
3 |
|a De la violence :
|b seminaire de Francoise Heritier /
|c Franc̜oise Heritier.
|
| 260 |
|
|
|a Paris :
|b O. Jacob,
|c c1996-2005.
|
| 300 |
|
|
|a 2 τ. ;
|c 22 εκ.
|
| 490 |
1 |
|
|a (Opus)
|
| 504 |
|
|
|a Περιέχει βιβλιογραφικές παραπομπές.
|
| 650 |
0 |
0 |
|a Violence
|x Congresses.
|
| 830 |
|
0 |
|a OPUS
|
| 852 |
|
|
|a INST
|b LESVOS
|e 20230405
|h 303.6 HER
|p 005100026302
|q 005100026302
|t BK
|v τ.2:
|y 0
|
| 852 |
|
|
|a INST
|b LESVOS
|e 20230405
|h 303.6 HER
|p 005100038740
|q 005100038740
|t BK
|v τ.1:
|y 0
|
| 852 |
|
|
|a INST
|b LESVOS
|e 20230405
|h 303.6 HER
|p 005100040578
|q 005100040578
|t BK
|v τ.2:
|y 0
|
| 853 |
|
|
|a INST
|b LESVOS
|h 303.6 HER
|
| 901 |
|
|
|a BIBL1-2000-2
|
| 901 |
|
|
|a BIBL1-2008-1
|
| 901 |
|
|
|a BIBL1-2008-1
|
| 922 |
|
|
|a 1ΕΛΗ
|b 200005
|c ΚΠΣ/ΤΚΑ
|d ΠΑΠΑΣΩΤΗΡΙΟΥ
|
| 922 |
|
|
|a 1ΕΛΗ
|b 200801
|c ΕΠΕΑΕΚ2/ΤΚΑ
|d ΕΛΕΥΘΕΡΟΥΔΑΚΗΣ
|
| 922 |
|
|
|a 1ΕΛΗ
|b 200802
|c ΕΠΕΑΕΚ2/ΤΚΑ
|d ΠΑΠΑΣΩΤΗΡΙΟΥ
|
| 950 |
|
|
|a 117-1999-11-26
|
| 970 |
|
|
|a ΤΖΑΦΕΡΗ
|b ΕΥΑΓΓΕΛΙΑ
|z 2000/05/19
|